00476 2200181 4500001002100000005001500021035002000036007000300056008004100059020002200100082001100122084001700133100001900150245003500169250001100204260004900215300003000264INLIS00000000000201320260210075749 a0010-0226000023ta260210 g 0 ind  a978-979-709-758-5 a155.25 a155.25 REN u0 aRene Suhardono1 aULTIMATE U 2 /cRene Suhardono aCet. 1 aJakarta :bPT. Kompas Media Nusantara,c2013 axx +324 hlm ;c13 x 19 cm